La acción directa del perjudicado contra el asegurador de responsabilidad.
Uloženo v:
| Hlavní autor: | |
|---|---|
| Médium: | Kniha |
| Jazyk: | španělština |
| Vydáno: |
Madrid, España:
Tecnos,
1995.
|
| Edice: | Colección Jurisprudencia Práctica,
|
| Témata: | |
| Tagy: |
Přidat tag
Žádné tagy, Buďte první, kdo vytvoří štítek k tomuto záznamu!
|
MARC
| LEADER | 00000nam a22000007a 4500 | ||
|---|---|---|---|
| 003 | CL-VaPUC | ||
| 005 | 20241204104350.0 | ||
| 008 | 241129t1995 ||||| |||| 00| 0 spa d | ||
| 999 | |c 446008 |d 446006 | ||
| 020 | |a 84-309-2743-3 | ||
| 040 | |c Pontificia Universidad Católica de Valparaíso | ||
| 082 | |2 22 |a 346.46086 CLA 1995 | ||
| 100 | |9 894321 |a Clavero Ternero, Manuel F. |e introducción |e selección | ||
| 245 | |a La acción directa del perjudicado contra el asegurador de responsabilidad. | ||
| 260 | |a Madrid, España: |b Tecnos, |c 1995. | ||
| 300 | |a 58 páginas. | ||
| 490 | |a Colección Jurisprudencia Práctica, |n 99. | ||
| 500 | |a c.1: Donación. Memo DER N° 046. 28-12-2024. | ||
| 583 | |c 20241129 |k Yessy Sthefany Diaz Vidal | ||
| 650 | 0 | |9 545306 |a Contratos de seguros |x Ley 50/1980 |v Sentencias |z España | |
| 650 | 0 | |9 295696 |a Seguros |v Derecho y legislación |z España | |
| 942 | |2 ddc |c BK | ||
| 952 | |0 0 |1 0 |2 ddc |4 0 |6 346_460860000000000_CLA_1995 |7 0 |8 A |9 598365 |a BIBDER |b BIBDER |d 2024-11-29 |e Donación |i 5663450 |o 346.46086 CLA 1995 |p 5663450 |r 2024-11-29 |t 1 |w 2024-11-29 |y BK |k DER | ||